[Event "Kavala op 7th"]
[Site "?"]
[Date "1997.??.??"]
[Round "8"]
[White "Anagnostopoulos Dimitrios"]
[Black "Graf Rena"]
[Result "1-0"]
[WhiteElo "2515"]
[BlackElo "2215"]
[PlyCount "67"]
[EventDate "1997.??.??"]
[Source "www.chesslib.no"]
[SourceDate "2004.05.04"]

1. e4 e6 2. Nc3 d5 3. Nf3 d4 4. Ne2 c5 5. c3 Nc6 6. cxd4 cxd4 7. Ng3 Nge7 8. Bc4 Ng6 9. d3 Bb4+ 10. Kf1 O-O 11. a3 Bd6 12. Ba2 a5 13. h4 Bxg3 14. fxg3 Nge5 15. Nxe5 Nxe5 16. Bf4 Nd7 17. e5 b6 18. Kg1 Ba6 19. g4 Rc8 20. g5 Rc5 21. Rh3 Bb7 22. b4 axb4 23. axb4 Rc7 24. Bc4 Qe7 25. b5 Bd5 26. Bxd5 exd5 27. e6 Nc5 28. Bxc7 Qxc7 29. exf7+ Qxf7 30. Rf3 Qe7 31. Rxf8+ Qxf8 32. Qe2 Nb7 33. Rf1 Qc8 34. Qe7 1-0

[Event "Ost"]
[Site "?"]
[Date "1997.??.??"]
[Round "1.4"]
[White "Bartsch Berthold"]
[Black "Proehl Holger"]
[Result "1/2-1/2"]
[WhiteElo "2320"]
[BlackElo "2405"]
[PlyCount "94"]
[EventDate "1997.??.??"]
[Source "www.chesslib.no"]
[SourceDate "2004.05.04"]

1. e4 e6 2. Nc3 d5 3. g3 dxe4 4. Nxe4 Bd7 5. Nf3 Bc6 6. Qe2 Nf6 7. Nxf6+ Qxf6 8. Bg2 Nd7 9. O-O Bd6 10. d4 O-O 11. Rd1 Rfe8 12. c4 Bxf3 13. Bxf3 e5 14. Bxb7 exd4 15. Qg4 Rad8 16. Qg5 Qxg5 17. Bxg5 f6 18. Bd2 c5 19. Rab1 Kf8 20. Kf1 Rb8 21. Bc6 Re7 22. b3 h6 23. a3 Rb6 24. Bd5 f5 25. Ba5 Ra6 26. b4 Nb6 27. bxc5 Bxc5 28. Bb4 Bxb4 29. axb4 Nxd5 30. cxd5 Re4 31. Rb3 Rd6 32. f3 Re5 33. Rxd4 Rexd5 34. Rxd5 Rxd5 35. Ke2 Ke7 36. Ra3 Rd7 37. Ra5 Ke6 38. Rb5 Rd6 39. Ke3 Rb6 40. Rxb6+ axb6 41. Kd4 Kd6 42. Kc4 Kc6 43. Kd4 Kd6 44. g4 fxg4 45. fxg4 b5 46. Ke4 Ke6 47. h4 g6 1/2-1/2

[Event "Havana Provincial"]
[Site "?"]
[Date "1999.??.??"]
[Round "?"]
[White "Rodriguez Pedro"]
[Black "Garcia Osmel"]
[Result "1-0"]
[WhiteElo "2375"]
[BlackElo "2350"]
[PlyCount "75"]
[EventDate "1999.??.??"]
[Source "www.chesslib.no"]
[SourceDate "2004.05.04"]

1. e4 e6 2. Nc3 a6 3. Nf3 c5 4. g3 b5 5. Bg2 Bb7 6. d3 d6 7. O-O Nf6 8. Re1 Be7 9. a4 b4 10. Ne2 O-O 11. Nd2 Nc6 12. f4 Qc7 13. Nf1 Rae8 14. h3 d5 15. e5 Nd7 16. Kh1 f6 17. exf6 Nxf6 18. Ne3 Bd6 19. Ng1 Kh8 20. Nf3 Qd7 21. Nf1 e5 22. fxe5 Nxe5 23. Bf4 d4 24. Ng5 Bxg2+ 25. Kxg2 Qc6+ 26. Kg1 h6 27. Ne4 Nd5 28. Bxe5 Rxe5 29. Qg4 Ref5 30. Qg6 R5f6 31. Nxf6 Nxf6 32. Re6 c4 33. Rae1 c3 34. Rxf6 gxf6 35. Qxh6+ Kg8 36. Qg6+ Kh8 37. b3 Bf4 38. Re7 1-0

[Event "Oberliga Sued W 0102"]
[Site "?"]
[Date "2001.09.23"]
[Round "?"]
[White "Junker Reiner"]
[Black "Bakalarz Mieczyslaw"]
[Result "0-1"]
[WhiteElo "2410"]
[BlackElo "2310"]
[PlyCount "44"]
[EventDate "2001.??.??"]
[Source "www.chesslib.no"]
[SourceDate "2004.05.04"]

1. e4 e6 2. Nc3 d5 3. Nf3 Nf6 4. Qe2 d4 5. Nd1 c5 6. g3 Nc6 7. Bg2 e5 8. d3 g6 9. O-O Bg7 10. Ne1 h5 11. f4 h4 12. Nf3 hxg3 13. hxg3 Qc7 14. c3 Nh5 15. cxd4 cxd4 16. Qe1 exf4 17. gxf4 Nxf4 18. Nf2 Ne5 19. Nxe5 Qxe5 20. Ng4 Nxg2 21. Nxe5 Nxe1 22. Nxf7 O-O 0-1

[Event "Bern op"]
[Site "Bern"]
[Date "1996.??.??"]
[Round "3"]
[White "Kamber, Bruno"]
[Black "Jurek, Josef"]
[Result "1/2-1/2"]
[WhiteElo "2375"]
[BlackElo "2345"]
[PlyCount "87"]
[EventDate "1996.02.??"]
[Source "ChessBase"]

1. e4 e6 2. Nc3 d5 3. g3 dxe4 4. Nxe4 Bd7 5. Nf3 Bc6 6. Qe2 Nf6 7. Nxf6+ Qxf6 8. Bg2 Bd6 9. d4 O-O 10. O-O Nd7 11. Re1 Rfe8 12. c4 Bxf3 13. Bxf3 c6 14. Be3 Bc7 15. Be4 Nf8 16. b4 Red8 17. a4 Bb6 18. c5 Bc7 19. Red1 Ng6 20. b5 Ne7 21. Ra3 Rd7 22. Rb1 Rad8 23. a5 Nf5 24. a6 bxa6 25. bxc6 Rxd4 26. Bxd4 Nxd4 27. Qxa6 Qe5 28. Re3 Qxc5 29. Rb7 Bb6 30. Rd7 Nxc6 31. Rxd8+ Nxd8 32. Kg2 g6 33. h4 e5 34. h5 Kg7 35. Qa2 Ne6 36. Bd5 Qc7 37. Re4 Nd4 38. f4 Nf5 39. Rxe5 Qc1 40. Kh3 Qc3 41. Rxf5 gxf5 42. Bxf7 Qf3 43. Be8 Qh1+ 44. Qh2 1/2-1/2

[Event "Cheliabinsk-B"]
[Site "Chelyabinsk RUS"]
[Date "1990.??.??"]
[Round "?"]
[White "Garkov, Mitko"]
[Black "Bashkov, Viacheslav"]
[Result "0-1"]
[WhiteElo "2315"]
[BlackElo "2400"]
[PlyCount "70"]
[EventDate "1990.??.??"]
[Source "www.chesslib.no"]
[SourceDate "2004.05.04"]

1. e4 e6 2. Nc3 d5 3. exd5 exd5 4. d4 c6 5. Bd3 Bd6 6. Qf3 Qh4 7. Nge2 Bg4 8. Qe3+ Ne7 9. Bd2 O-O 10. O-O-O Nf5 11. Bxf5 Bxf5 12. Ng3 Bd7 13. Nce2 Na6 14. Qg5 Qxg5 15. Bxg5 Rfe8 16. Bf4 Bf8 17. Rhe1 f6 18. Kb1 g5 19. Bd2 Nc7 20. Nc1 Kf7 21. Nd3 Rxe1 22. Rxe1 Re8 23. Rxe8 Nxe8 24. Bb4 Nd6 25. Be1 Nb5 26. c3 Kg6 27. Kc2 Nd6 28. f3 h5 29. h3 h4 30. Nf1 Nc4 31. b3 Bf5 32. Bf2 Nb2 33. Kxb2 Bxd3 34. Nd2 Bd6 35. Be3 Kf5 0-1

[Event "300 Years"]
[Site "?"]
[Date "2003.10.18"]
[Round "1"]
[White "Merzliakov Evgeny"]
[Black "Alavkin Arseny"]
[Result "0-1"]
[WhiteElo "2230"]
[BlackElo "2485"]
[PlyCount "68"]
[EventDate "2003.??.??"]
[Source "www.chesslib.no"]
[SourceDate "2004.05.04"]

1. e4 e6 2. Nc3 d5 3. d3 Nf6 4. Bg5 h6 5. Bxf6 Qxf6 6. Qf3 Qxf3 7. Nxf3 Bb4 8. exd5 exd5 9. d4 O-O 10. Bd3 Re8+ 11. Kd2 Bg4 12. a3 Bxc3+ 13. Kxc3 Bxf3 14. gxf3 Nd7 15. Rhg1 Nf6 16. Rg3 Re6 17. f4 Rae8 18. Rag1 Nh5 19. Rg4 Kf8 20. f5 Re1 21. R1g2 b6 22. Kb4 c6 23. Ba6 R8e4 24. f3 R4e3 25. Rf2 Nf6 26. Rgg2 Nd7 27. Bb7 Nb8 28. f6 g6 29. f4 a5+ 30. Ka4 Re6 31. f5 gxf5 32. Rxf5 R1e4 33. c3 Nd7 34. Rgf2 Nc5# 0-1

[Event "BL2-O 9495"]
[Site "GER"]
[Date "1995.??.??"]
[Round "?"]
[White "Bartsch, Berthold"]
[Black "Staller, Peter"]
[Result "1/2-1/2"]
[WhiteElo "2330"]
[BlackElo "2380"]
[PlyCount "105"]
[EventDate "1994.10.??"]
[Source "www.chesslib.no"]
[SourceDate "2004.05.04"]

1. e4 e6 2. Nc3 d5 3. g3 dxe4 4. Nxe4 Bd7 5. Qe2 Bc6 6. Nf3 Nf6 7. Nxf6+ Qxf6 8. Bg2 Nd7 9. O-O Bd6 10. d4 O-O 11. Re1 Bxf3 12. Bxf3 c6 13. c3 Qd8 14. b4 Qc7 15. Bb2 e5 16. d5 c5 17. Rac1 f5 18. Bg2 e4 19. f4 exf3 20. Bxf3 Ne5 21. c4 Rae8 22. b5 Re7 23. Bc3 f4 24. Rf1 fxg3 25. Be4 Qc8 26. Rxf8+ Qxf8 27. hxg3 g6 28. Rf1 Qe8 29. Rf6 Nf7 30. Re6 Rxe6 31. dxe6 Qxe6 32. Qd3 b6 33. Bd5 Qe7 34. Qf3 Kf8 35. Kg2 Bb8 36. Qg4 Be5 37. Bd2 Kg7 38. Qf3 Nd6 39. g4 Qh4 40. Kf1 Qf6 41. Ke2 g5 42. a4 Qxf3+ 43. Kxf3 Kf6 44. a5 h6 45. a6 Ke7 46. Be1 Kd7 47. Bd2 Kc7 48. Be1 Kd7 49. Bd2 Kd8 50. Be1 Kc7 51. Bd2 Kd8 52. Be1 Kd7 53. Bd2 1/2-1/2

[Event "Shavuot Masters"]
[Site "?"]
[Date "1997.06.13"]
[Round "7"]
[White "Botvinnik Ilia"]
[Black "Rabinovich Alexander"]
[Result "0-1"]
[WhiteElo "2355"]
[BlackElo "2350"]
[PlyCount "54"]
[EventDate "1997.??.??"]
[Source "www.chesslib.no"]
[SourceDate "2004.05.04"]

1. e4 e6 2. Nc3 d5 3. Nf3 Nf6 4. e5 Nfd7 5. d4 b6 6. Ne2 c5 7. c3 Ba6 8. a3 Be7 9. h4 Nc6 10. g3 Rc8 11. Bg5 cxd4 12. cxd4 h6 13. Bxe7 Qxe7 14. Nf4 Bxf1 15. Kxf1 Kd8 16. Kg2 Kc7 17. h5 Kb7 18. Qe2 Rc7 19. Rac1 Rhc8 20. Rc2 Na5 21. Rhc1 Nf8 22. Nd3 Rxc2 23. Rxc2 Rxc2 24. Qxc2 Qd7 25. g4 g5 26. Nc5+ bxc5 27. Qxc5 Qd8 0-1

[Event "Bodensee-Cup 6th"]
[Site "?"]
[Date "2000.??.??"]
[Round "?"]
[White "Bartsch Berthold"]
[Black "Huber Armin"]
[Result "0-1"]
[WhiteElo "2351"]
[BlackElo "2349"]
[PlyCount "120"]
[EventDate "2000.??.??"]
[Source "www.chesslib.no"]
[SourceDate "2004.05.04"]

1. e4 e6 2. Nc3 d5 3. g3 dxe4 4. Nxe4 Nf6 5. Nxf6+ Qxf6 6. d4 c5 7. Nf3 cxd4 8. Nxd4 Bc5 9. Nf3 Nc6 10. c3 e5 11. Qd5 Bg4 12. Bg2 Bb6 13. O-O O-O 14. Qe4 Bf5 15. Qe2 h6 16. Be3 Bc7 17. Rfd1 Qe6 18. Qb5 Rab8 19. Nd2 e4 20. Nb3 a6 21. Qd5 Qg6 22. Nd4 Nxd4 23. Qxd4 Rfe8 24. Qc5 Be5 25. Rd5 Qe6 26. Rad1 Bg6 27. Qb6 Qxb6 28. Bxb6 f5 29. Rd7 Bf7 30. Ba7 Ra8 31. Rxb7 Bxa2 32. Bf1 a5 33. c4 a4 34. Rd5 Bb3 35. Bd4 Bxd4 36. Rxd4 Rad8 37. Rxd8 Rxd8 38. c5 Rd1 39. Kg2 Bd5 40. Be2 e3+ 41. f3 Rd2 42. Rb8+ Kf7 43. Kf1 Rc2 44. Rb4 Rxc5 45. Rxa4 Rc1+ 46. Kg2 Rc2 47. Kf1 Rxb2 48. Ra5 Ke6 49. Ra3 Rb1+ 50. Kg2 Rb3 51. Rxb3 Bxb3 52. f4 Kd5 53. Bf3+ Kd4 54. Kf1 Bd5 55. Bd1 g5 56. fxg5 hxg5 57. h4 gxh4 58. gxh4 f4 59. h5 f3 60. h6 Bc4+ 0-1

[Event "SUI-ch"]
[Site "?"]
[Date "1999.??.??"]
[Round "7"]
[White "Kamber Bruno"]
[Black "Kupper Patrick"]
[Result "1-0"]
[WhiteElo "2385"]
[BlackElo "2315"]
[PlyCount "75"]
[EventDate "1999.??.??"]
[Source "www.chesslib.no"]
[SourceDate "2004.05.04"]

1. e4 e6 2. Nc3 d5 3. g3 dxe4 4. Nxe4 Bd7 5. Nf3 Bc6 6. Qe2 Nd7 7. Bg2 Ngf6 8. d3 Be7 9. O-O O-O 10. Re1 Re8 11. Bd2 Nc5 12. Neg5 Bxf3 13. Nxf3 c6 14. Rad1 Qb6 15. b3 a5 16. Ne5 Qc7 17. c4 Ncd7 18. Bf4 Qb6 19. d4 Bb4 20. Rf1 Bf8 21. g4 g6 22. Rd3 Red8 23. Rfd1 Bg7 24. Bf3 a4 25. h4 axb3 26. axb3 Ra3 27. Qe3 Ra2 28. Bg5 Rda8 29. h5 Rb2 30. hxg6 hxg6 31. Nxd7 Nxd7 32. d5 Qxe3 33. Rxe3 cxd5 34. cxd5 e5 35. d6 f6 36. Bxb7 Ra7 37. Bd5+ Kh7 38. Rh3+ 1-0

[Event "Tch (Men) 2005/2006 CZE"]
[Site "?"]
[Date "2006.02.26"]
[Round "9"]
[White "Vavra Pavel"]
[Black "Jurek Josef"]
[Result "1/2-1/2"]
[WhiteElo "2314"]
[BlackElo "2384"]
[PlyCount "53"]
[EventDate "2006.??.??"]
[Source "www.chesslib.no"]
[SourceDate "2004.05.04"]

1. e4 e6 2. Nc3 d5 3. g3 dxe4 4. Nxe4 c5 5. Bg2 Be7 6. Qg4 f5 7. Qxg7 Qd4 8. Qxd4 cxd4 9. Ne2 Nc6 10. d3 fxe4 11. Bxe4 e5 12. f4 Nb4 13. Kd1 Nf6 14. Bg2 Ng4 15. Re1 Nc6 16. fxe5 Nf2+ 17. Kd2 Bh3 18. Bxc6+ bxc6 19. Nxd4 O-O 20. Kc3 a5 21. a3 Bb4+ 22. axb4 axb4+ 23. Kxb4 Rxa1 24. e6 Rc8 25. Kc5 Ng4 26. b4 Nf6 27. Nb3 1/2-1/2

[Event "CUB Ch"]
[Site "Matanzas City CUB"]
[Date "1994.??.??"]
[Round "1"]
[White "Rodriguez, Pedro"]
[Black "Medina, Miguel"]
[Result "0-1"]
[WhiteElo "2320"]
[BlackElo "2375"]
[PlyCount "96"]
[EventDate "1994.??.??"]
[Source "www.chesslib.no"]
[SourceDate "2004.05.04"]

1. e4 e6 2. Nc3 d5 3. Nf3 Bb4 4. e5 Bxc3 5. dxc3 c5 6. c4 Nc6 7. Be3 Nge7 8. c3 b6 9. cxd5 Nxd5 10. Bb5 Bb7 11. Bg5 Qc7 12. c4 Nde7 13. Qd6 Qxd6 14. exd6 Ng6 15. O-O-O f6 16. Rhe1 O-O-O 17. Rxe6 fxg5 18. Nxg5 Nd4 19. Rxd4 cxd4 20. Nf7 Rhf8 21. Nxd8 Kxd8 22. b4 Bc8 23. Re2 Bd7 24. Ba6 Nf4 25. Rd2 Bc6 26. a4 Kd7 27. g3 Ne6 28. f4 Kxd6 29. Kb2 g6 30. Kb3 g5 31. fxg5 Rf3+ 32. Kb2 Bxa4 33. h4 Rb3+ 34. Ka2 Rxg3 35. Rf2 Bc6 36. Rf7 Rg2+ 37. Ka1 Be4 38. Rxa7 d3 39. Bb5 Nd4 40. Rd7+ Ke5 41. Ba4 d2 42. Re7+ Kf4 43. Rf7+ Ke3 44. Rf1 Bc2 45. Bxc2 Nxc2+ 46. Kb2 Ke2 47. Kxc2 Kxf1 48. Kd1 Re2 0-1

[Event "Melbourne"]
[Site "Melbourne AUS"]
[Date "1994.??.??"]
[Round "10"]
[White "West, Guy"]
[Black "Lukey, Stephen G"]
[Result "1-0"]
[WhiteElo "2410"]
[BlackElo "2285"]
[PlyCount "149"]
[EventDate "1994.??.??"]
[Source "www.chesslib.no"]
[SourceDate "2004.05.04"]

1. e4 e6 2. Nc3 d5 3. Nf3 Nf6 4. e5 Nfd7 5. d4 Be7 6. Bf4 c5 7. dxc5 Nxc5 8. h4 Nc6 9. Bd3 a6 10. Ne2 Bd7 11. c3 Nxd3+ 12. Qxd3 Rc8 13. Rd1 Qa5 14. Qb1 Na7 15. O-O Bb5 16. Rfe1 Bc4 17. a3 Bxe2 18. Rxe2 h6 19. h5 Nc6 20. Rde1 Qa4 21. g3 Na5 22. Kg2 Nb3 23. Rh1 O-O 24. Be3 Rfd8 25. Nd4 Nxd4 26. Bxd4 Qc4 27. Rd2 Rf8 28. Re1 Qc6 29. f4 f5 30. exf6 Bxf6 31. Qd3 Qd7 32. Rde2 Rc6 33. Bf2 Qd6 34. Rxe6 Qd7 35. R6e2 Rd8 36. Rd1 Re6 37. Red2 Qc6 38. Qf3 Red6 39. Kh3 b5 40. Kg2 Kh8 41. Bd4 Bxd4 42. Rxd4 Qd7 43. R1d2 Qe7 44. Re2 Re6 45. Rdd2 Re8 46. Rf2 Re4 47. Qg4 Qb7 48. Kh2 Re3 49. Qf5 Rd8 50. Rfe2 Qe7 51. Rxe3 Qxe3 52. Qd3 Qe8 53. Qf3 Qd7 54. Kg2 Kg8 55. Qd3 Qe8 56. g4 Qe6 57. Qe2 Qf6 58. Kg3 Kf7 59. Qd3 Qb6 60. Qf5+ Kg8 61. Rd4 Qd6 62. Rd1 Qe7 63. Qd3 Rd6 64. Qd4 Kf7 65. Qd2 Kg8 66. Re1 Qd7 67. Qd4 Kf7 68. Re5 Kg8 69. Re3 Rc6 70. Qe5 Kf7 71. g5 Rd6 72. g6+ Kf8 73. Qd4 Kg8 74. Re5 Kf8 75. Qc5 1-0

[Event "JUG-chT2"]
[Site "Tivat"]
[Date "1995.??.??"]
[Round "10"]
[White "Parezanin, Darko"]
[Black "Jacimovic, Dragoljub"]
[Result "0-1"]
[WhiteElo "2270"]
[BlackElo "2425"]
[PlyCount "147"]
[EventDate "1995.??.??"]
[Source "www.chesslib.no"]
[SourceDate "2004.05.04"]

1. e4 e6 2. Nc3 d5 3. Nf3 Nf6 4. e5 Nfd7 5. d4 Be7 6. Be2 b6 7. O-O O-O 8. Bf4 c5 9. a4 Nc6 10. Re1 g5 11. Bg3 a6 12. h3 cxd4 13. Nxd4 Ndxe5 14. Bxe5 Nxe5 15. Bxa6 Bxa6 16. Rxe5 Bf6 17. Re1 Rc8 18. Nce2 Bh8 19. Ng3 Qf6 20. c3 Qg6 21. Qd2 h6 22. Rad1 Rfe8 23. Nb5 Red8 24. Nd4 Re8 25. Nb5 Red8 26. Nd4 Bg7 27. Qe3 Bc4 28. Nf3 Re8 29. Qxb6 Rb8 30. Qc6 Rec8 31. Qd7 Rd8 32. Qe7 Bf8 33. Qa7 Ra8 34. Qe3 Bg7 35. Ra1 Rdb8 36. b4 Qd3 37. Rec1 Qxe3 38. fxe3 f5 39. Nh5 Bh8 40. Nd4 Kf7 41. b5 Kg6 42. g4 fxg4 43. hxg4 e5 44. Nc6 Rb7 45. Ng3 Bb3 46. Ra3 Bc4 47. Rca1 Bg7 48. Nf5 Bf8 49. Nxe5+ Kf6 50. Nxc4 Bxa3 51. Nxa3 Rxa4 52. Rf1 Kg6 53. Nc2 Rxg4+ 54. Kh2 Rxb5 55. Kh3 Re4 56. Ncd4 Rb6 57. Nc2 Rc6 58. Nb4 Rc5 59. Kg2 h5 60. Rf2 h4 61. Kh3 d4 62. Nxd4 Rxe3+ 63. Kg2 Rcxc3 64. Nd5 Rg3+ 65. Kf1 Rc1+ 66. Ke2 h3 67. Rf6+ Kh5 68. Rd6 Rg2+ 69. Ke3 Re1+ 70. Kd3 Rd1+ 71. Ke3 Re1+ 72. Kd3 h2 73. Nf6+ Kh4 74. Nf3+ 0-1

[Event "Bad Zwesten op 3rd"]
[Site "Bad Zwesten"]
[Date "1999.01.06"]
[Round "8"]
[White "Ackermann, Hans Werner"]
[Black "Haub, Thorsten Michael"]
[Result "1/2-1/2"]
[WhiteElo "2300"]
[BlackElo "2388"]
[PlyCount "151"]
[EventDate "1999.01.??"]
[Source "ChessBase"]
[SourceDate "1999.03.01"]

1. e4 e6 2. Nc3 d5 3. Nf3 Nf6 4. e5 Ne4 5. d3 Nxc3 6. bxc3 c5 7. g3 Be7 8. Bg2 Nc6 9. O-O Qc7 10. Re1 h6 11. a4 Bd7 12. Qe2 Na5 13. Nd2 Rc8 14. f4 g6 15. g4 c4 16. d4 Qc6 17. Nf1 h5 18. h3 hxg4 19. hxg4 Kd8 20. Ne3 Kc7 21. Ba3 Bxa3 22. Rxa3 Kb8 23. Rb1 f5 24. g5 Qc7 25. Qe1 Bc6 26. Qg3 Rh7 27. Raa1 Rch8 28. Kf2 Qd7 29. Ke2 Kc7 30. Kd2 b6 31. Rh1 Bxa4 32. Rxh7 Rxh7 33. Rh1 Rxh1 34. Bxh1 Qh7 35. Bf3 Bc6 36. Ng2 Nb7 37. Qh4 Qxh4 38. Nxh4 Be8 39. Kc1 a5 40. Kb2 b5 41. Be2 Nd8 42. Nf3 Nc6 43. Bd1 Kb6 44. Nd2 Na7 45. Nb1 Ka6 46. Be2 b4 47. cxb4 axb4 48. c3 Ka5 49. cxb4+ Kxb4 50. Nc3 Nb5 51. Nxb5 Bxb5 52. Kc2 Ba4+ 53. Kd2 c3+ 54. Kc1 Bb5 55. Bf3 Kb3 56. Bd1+ c2 57. Bf3 Be8 58. Be2 Bf7 59. Bb5 Kb4 60. Bd3 Kc3 61. Bxc2 Be8 62. Kd1 Bc6 63. Kc1 Bb5 64. Kd1 Bc4 65. Kc1 Bb3 66. Bb1 Ba4 67. Bc2 Bb5 68. Kd1 Be2+ 69. Kc1 Kxd4 70. Kd2 Bb5 71. Bb1 Kc5 72. Bc2 d4 73. Bb3 Bc4 74. Bd1 Bb5 75. Bb3 Bd7 76. Kd3 1/2-1/2

[Event "BL2-W 9394"]
[Site "GER"]
[Date "1993.??.??"]
[Round "?"]
[White "Bastian, Herbert"]
[Black "Heyken, Enno"]
[Result "0-1"]
[WhiteElo "2320"]
[BlackElo "2365"]
[PlyCount "84"]
[EventDate "1993.10.??"]
[Source "www.chesslib.no"]
[SourceDate "2004.05.04"]

1. e4 e6 2. Nc3 d5 3. g3 dxe4 4. Nxe4 Bd7 5. Nf3 Bc6 6. Qe2 Nf6 7. d3 Nxe4 8. dxe4 Qf6 9. Bg2 Bb4+ 10. Nd2 Bxd2+ 11. Qxd2 Nd7 12. O-O Qg6 13. Qa5 Bxe4 14. Qxc7 Bxg2 15. Kxg2 Nb6 16. b3 Nd5 17. Qe5 O-O 18. Bb2 Rfc8 19. c4 Nb4 20. Rad1 Rd8 21. Rxd8+ Rxd8 22. Rd1 Re8 23. Rd7 f6 24. Qe3 Qb1 25. Qd2 Nc6 26. Rxb7 Ne5 27. Qd4 Qf5 28. Qe3 Rd8 29. Bxe5 fxe5 30. Rxa7 Rd3 31. Qe2 e4 32. c5 g5 33. h3 e3 34. fxe3 Qd5+ 35. e4 Qd4 36. Ra8+ Kg7 37. Ra7+ Kg6 38. Ra4 Qc3 39. Rc4 Rxg3+ 40. Kh2 Rxh3+ 41. Kg2 Qg3+ 42. Kf1 Rh1# 0-1

[Event "SVK-chT 0203"]
[Site "?"]
[Date "2003.??.??"]
[Round "8"]
[White "Vavra Pavel"]
[Black "Czebe Attila"]
[Result "0-1"]
[WhiteElo "2203"]
[BlackElo "2480"]
[PlyCount "75"]
[EventDate "2003.??.??"]
[Source "www.chesslib.no"]
[SourceDate "2004.05.04"]

1. e4 e6 2. Nc3 d5 3. g3 Nf6 4. e5 Nfd7 5. f4 c5 6. Nf3 Nc6 7. Bg2 c4 8. b3 Rb8 9. bxc4 dxc4 10. a4 a6 11. O-O b5 12. axb5 axb5 13. Kh1 Nc5 14. d4 cxd3 15. Ng5 Nb4 16. Rb1 Nxc2 17. f5 exf5 18. Nxb5 Qd7 19. Rxf5 Rxb5 20. Rxb5 Qxb5 21. Rxf7 Ne6 22. Nxe6 Bxe6 23. Rb7 Qxe5 24. Bc6+ Kd8 25. Qxd3+ Qd4 26. Bg5+ Kc8 27. Qxc2 Bc5 28. Rb1 Rf8 29. Bb7+ Kc7 30. Qg2 Bd7 31. Ba8 Bb6 32. Qb7+ Kd6 33. Rxb6+ Ke5 34. Rb1 Rxa8 35. Qxa8 Qc5 36. Re1+ Kf5 37. Qf3+ Kxg5 38. Qf4+ 0-1

[Event "Bundesliga 9596"]
[Site "Germany"]
[Date "1996.??.??"]
[Round "?"]
[White "Dutschak, Hauke"]
[Black "Pichler, Juergen"]
[Result "1-0"]
[WhiteElo "2260"]
[BlackElo "2420"]
[PlyCount "71"]
[EventDate "1995.10.??"]
[Source "ChessBase"]
[SourceDate "1999.07.01"]

1. e4 e6 2. Nc3 d5 3. d3 dxe4 4. dxe4 Qxd1+ 5. Nxd1 Nc6 6. Bd2 Nf6 7. f3 Nd7 8. Ne3 Nb6 9. O-O-O Bc5 10. f4 Bd7 11. Nf3 f6 12. a3 Nd4 13. b4 Nxf3 14. bxc5 Nxd2 15. Rxd2 Na4 16. Rxd7 Kxd7 17. Bb5+ c6 18. Bxa4 Ke7 19. Nc4 Rad8 20. Bb3 h5 21. h4 Rh6 22. f5 e5 23. Nd6 Rd7 24. Be6 Rc7 25. Nc8+ Ke8 26. Nxa7 g5 27. g3 gxh4 28. gxh4 Rg7 29. Nc8 Rhh7 30. Nd6+ Kf8 31. Bc8 Rg3 32. Kb2 Rhg7 33. Bxb7 Rg1 34. Rxg1 Rxg1 35. a4 Ke7 36. a5 1-0

[Event "Decin-B 8th"]
[Site "Decin CZE"]
[Date "1978.06.23"]
[Round "14"]
[White "Adamski, Andrzej"]
[Black "Casper, Thomas"]
[Result "0-1"]
[WhiteElo "2365"]
[BlackElo "2315"]
[PlyCount "104"]
[EventDate "1978.06.10"]
[Source "www.chesslib.no"]
[SourceDate "2004.05.04"]

1. e4 e6 2. Nc3 d5 3. d3 Nf6 4. f4 dxe4 5. dxe4 Qxd1+ 6. Kxd1 Bb4 7. Bd3 Na6 8. e5 Ng4 9. Ke2 Bxc3 10. bxc3 Nc5 11. h3 Nh6 12. Be3 Nxd3 13. cxd3 Nf5 14. Bf2 h5 15. Nf3 b6 16. g4 Ne7 17. Be3 Bb7 18. Rhf1 hxg4 19. hxg4 Ng6 20. Rf2 Rd8 21. d4 Ne7 22. Ng5 g6 23. Kd3 c5 24. Kc2 cxd4 25. Bxd4 Rh4 26. Rg1 Bd5 27. Kd3 Nc6 28. Rg3 Rh1 29. Rh3 Rxh3+ 30. Nxh3 Bxa2 31. Rxa2 Rxd4+ 32. cxd4 Nb4+ 33. Kc4 Nxa2 34. d5 exd5+ 35. Kxd5 Nb4+ 36. Kd4 a5 37. Kc4 Nc6 38. Kb5 Nd4+ 39. Ka4 Ke7 40. Ng5 Ne6 41. Nh3 Nc5+ 42. Kb5 a4 43. Kb4 b5 44. Nf2 Ke6 45. f5+ gxf5 46. gxf5+ Kxf5 47. Kxc5 a3 48. Nd1 a2 49. Ne3+ Kxe5 50. Nc2 f5 51. Kxb5 f4 52. Kc4 f3 0-1

[Event "Opatija Hotel 8th"]
[Site "Kastav"]
[Date "2002.02.24"]
[Round "4"]
[White "Jurkovic, Hrvoje"]
[Black "Glavas, Dragan"]
[Result "1-0"]
[WhiteElo "2386"]
[BlackElo "2291"]
[PlyCount "89"]
[EventDate "2002.02.22"]
[Source "ChessBase"]
[SourceDate "2002.03.14"]

1. e4 e6 2. Nc3 d5 3. Nf3 Nf6 4. e5 Nfd7 5. d4 Be7 6. Bd3 b6 7. Ne2 Ba6 8. h4 h6 9. Rh3 Bxd3 10. Qxd3 c5 11. c3 Nc6 12. Rg3 cxd4 13. cxd4 Nb4 14. Qb1 Rc8 15. Nc3 Kf8 16. h5 a6 17. Be3 Nc6 18. Nxd5 exd5 19. Qf5 Bb4+ 20. Kf1 Ne7 21. Qg4 Rg8 22. a3 Bxa3 23. Rxa3 a5 24. Nh4 Rc6 25. Bd2 Rc4 26. Qf4 Ke8 27. Raf3 f6 28. Nf5 Nxe5 29. Rc3 Rxc3 30. bxc3 g5 31. hxg6 N5xg6 32. Nd6+ Kd7 33. Qxf6 Nc8 34. Qf7+ Nge7 35. Nxc8 Kxc8 36. Re3 Nc6 37. Re6 Nb8 38. Re7 Nd7 39. Rxd7 Qxd7 40. Qxg8+ Kb7 41. c4 dxc4 42. Qxc4 Qg4 43. f3 Qh4 44. Be3 Qe7 45. Ke2 1-0

[Event "Isla Guitart Open"]
[Site "Isla Guitart"]
[Date "1994.??.??"]
[Round "?"]
[White "Rodriguez, Pedro"]
[Black "Diaz, Ricardo"]
[Result "1-0"]
[WhiteElo "2320"]
[BlackElo "2355"]
[PlyCount "91"]
[EventDate "1994.??.??"]
[Source "www.chesslib.no"]
[SourceDate "2004.05.04"]

1. e4 e6 2. Nc3 d5 3. Nf3 Bb4 4. e5 c5 5. a3 Bxc3 6. dxc3 Ne7 7. Bg5 Nbc6 8. Bxe7 Qxe7 9. c4 d4 10. Bd3 b6 11. Qe2 Bb7 12. h4 f6 13. O-O-O O-O-O 14. Rde1 f5 15. Rh3 Rdg8 16. Qd2 Nd8 17. Qf4 g6 18. g4 h6 19. Rg1 Bc6 20. gxf5 exf5 21. e6 Nxe6 22. Qe5 Kb7 23. Kb1 Qe8 24. Re1 Nc7 25. h5 gxh5 26. Qxf5 Qf8 27. Qxh5 Qf6 28. Ne5 Re8 29. Re2 Qg5 30. Nxc6 Qxh5 31. Na5+ bxa5 32. Rxh5 Rxe2 33. Bxe2 Kb6 34. Bg4 a6 35. Rf5 Rg8 36. Rf6+ Ka7 37. f3 h5 38. Bxh5 Rg1+ 39. Ka2 Na8 40. Rc6 Rg2 41. Bg6 Nb6 42. Bd3 Rf2 43. Rxc5 Rxf3 44. Rxa5 Rf6 45. b4 Kb7 46. Kb3 1-0

[Event "Cairo-A"]
[Site "Cairo"]
[Date "1997.??.??"]
[Round "2"]
[White "Repkova Eid, Eva"]
[Black "Georg, Magdy"]
[Result "1/2-1/2"]
[WhiteElo "2330"]
[BlackElo "2345"]
[PlyCount "138"]
[EventDate "1997.03.26"]
[Source "ChessBase"]

1. e4 e6 2. Nc3 d5 3. d3 Nf6 4. Bg5 h6 5. Bxf6 Qxf6 6. exd5 Bb4 7. Nge2 exd5 8. a3 Bxc3+ 9. Nxc3 c6 10. d4 O-O 11. Qd2 a5 12. Bd3 Bf5 13. Ne2 Re8 14. O-O Bxd3 15. Qxd3 Nd7 16. Rfe1 Re4 17. Qd2 Rae8 18. Ng3 Rxe1+ 19. Rxe1 Rxe1+ 20. Qxe1 Qxd4 21. Qe8+ Nf8 22. h4 Qxb2 23. Qc8 Qxa3 24. Nf5 Qc1+ 25. Kh2 Qf4+ 26. Kg1 g6 27. Ne7+ Kg7 28. Qxb7 Qc1+ 29. Kh2 Qxc2 30. f3 Qc4 31. Kg3 Qb4 32. Qc7 Qe1+ 33. Kh3 Ne6 34. Qd6 Nd4 35. Qd8 Qe6+ 36. Kh2 a4 37. Qg8+ Kf6 38. Nc8 Kf5 39. Qf8 g5 40. Nd6+ Kf4 41. Nxf7 Nxf3+ 42. gxf3 Qe2+ 43. Kg1 Qe1+ 44. Kg2 Qg3+ 45. Kf1 Qxf3+ 46. Ke1 Qc3+ 47. Ke2 Qc2+ 48. Ke1 Qc1+ 49. Ke2 Qb2+ 50. Kd3 Qb3+ 51. Kd2 Qe3+ 52. Kc2 Qe4+ 53. Kd2 Qg2+ 54. Kd3 Qf3+ 55. Kc2 Qf2+ 56. Kd3 Qf1+ 57. Kc2 Qg2+ 58. Kd3 Qh3+ 59. Kc2 Qf5+ 60. Kb2 Qf6+ 61. Ka3 Kg3 62. hxg5 hxg5 63. Kxa4 Qf4+ 64. Ka5 g4 65. Qe7 d4 66. Qe1+ Qf2 67. Qe5+ Kg2 68. Qe4+ Kf1 69. Qxg4 Qxf7 1/2-1/2

[Event "CRO-Cup"]
[Site "?"]
[Date "1998.??.??"]
[Round "5"]
[White "Jurkovic Hrvoje"]
[Black "Kristovic Marijan"]
[Result "1/2-1/2"]
[WhiteElo "2380"]
[BlackElo "2295"]
[PlyCount "23"]
[EventDate "1998.??.??"]
[Source "www.chesslib.no"]
[SourceDate "2004.05.04"]

1. e4 e6 2. Nc3 d5 3. Nf3 dxe4 4. Nxe4 Nf6 5. Nxf6+ gxf6 6. d4 c5 7. c3 Nc6 8. Be3 cxd4 9. Nxd4 Nxd4 10. Qxd4 Qxd4 11. Bxd4 e5 12. Bb5+ 1/2-1/2